| 000 -LEADER |
| fixed length control field |
00617nam a2200205Ia 4500 |
| 001 - CONTROL NUMBER |
| control field |
19632 |
| 003 - CONTROL NUMBER IDENTIFIER |
| control field |
GE_BSU |
| 008 - FIXED-LENGTH DATA ELEMENTS--GENERAL INFORMATION |
| fixed length control field |
181216s||||||||xx |||||||||||||| ||und|| |
| 040 ## - CATALOGING SOURCE |
| Transcribing agency |
GE_BSU |
| 245 ## - TITLE STATEMENT |
| Title |
Иммунология.Том 37. №5. Сентябрь-Октябрь 2016 |
| 245 ## - TITLE STATEMENT |
| Statement of responsibility, etc. |
Ред.Е.П. Мороз |
| 260 ## - PUBLICATION, DISTRIBUTION, ETC. |
| Place of publication, distribution, etc. |
Москва |
| 260 ## - PUBLICATION, DISTRIBUTION, ETC. |
| Name of publisher, distributor, etc. |
Медицина |
| 260 ## - PUBLICATION, DISTRIBUTION, ETC. |
| Date of publication, distribution, etc. |
2016 |
| 300 ## - PHYSICAL DESCRIPTION |
| Extent |
225-296 стр. 30см. |
| 653 ## - INDEX TERM--UNCONTROLLED |
| Uncontrolled term |
Иммунология. Том 37. №5. Сентябрь-Октябрь 2016 |
| 653 ## - INDEX TERM--UNCONTROLLED |
| Uncontrolled term |
Периодика |
| 653 ## - INDEX TERM--UNCONTROLLED |
| Uncontrolled term |
პერიოდიკა |
| 942 ## - ADDED ENTRY ELEMENTS (KOHA) |
| Koha item type |
პერიოდიკა |